| 000 | 00966cam a2200265 a 4500 | ||
|---|---|---|---|
| 999 |
_c23609 _d23609 |
||
| 001 | 4048605 | ||
| 005 | 20170126124625.0 | ||
| 008 | 990304s2000 nyu b 001 0 eng | ||
| 010 | _a 99024790 | ||
| 020 | _a0801332575 | ||
| 040 |
_aDLC _cDLC _dDLC |
||
| 043 | _an-us--- | ||
| 050 | 0 | 0 |
_aLC196.5 _b.U6W54 2000 |
| 100 | 1 | _aWink, Joan. | |
| 245 | 1 | 0 |
_aCritical pedagogy : _bnotes from the real world / _cJoan Wink. |
| 250 | _a2nd ed. | ||
| 260 |
_aNew York : _bLongman, _cc2000. |
||
| 300 |
_axiv, 194 p. : _c24 cm. |
||
| 504 | _aIncludes bibliographical references (p. 183-189) and index. | ||
| 650 | 0 |
_aCritical pedagogy _zUnited States. |
|
| 942 |
_2lcc _cBOOKS _hLC196.5 .U6W56 2000 |
||